00581cam a2200181 i 4500008004100000020002500041100002600066245010600092250001200198260005500210300004800265500002000313650001500333700002400348003000100372005001700373040000900390  a9781118322697 (pbk.)1 aCallister, William D.10aFundamentals of materials science and engineering/cWilliam D. Callister, Jr. and David G. Rethwisch. a4th ed. aHoboken, New Jersey :bJohn Wiley & Sons ;c26 cm. axxv, 910 p. :bill. (chiefly col.),c26 cm. aIncludes index. 0aMaterials.1 aRethwisch, David G.20230123122308.0 cNUST